Autoayuda: soluciones comunitarias para problemas planetarios
Uloženo v:
| Hlavní autor: | |
|---|---|
| Médium: | Kniha |
| Jazyk: | španělština |
| Vydáno: |
Buenos Aires
Tres Tiempos
1982
|
| Edice: | Ensayos, 21
|
| Témata: | |
| Tagy: |
Přidat tag
Žádné tagy, Buďte první, kdo vytvoří štítek k tomuto záznamu!
|
MARC
| LEADER | 00000nam a2200000 a 4500 | ||
|---|---|---|---|
| 001 | UCQ0872 | ||
| 003 | CL-VaPUC | ||
| 008 | 980703e19820000AG |||||||||||||||||spa|d | ||
| 082 | 0 | 4 | |a 304 |b STO |2 21 |
| 100 | 0 | |a Stokes, Bruce |e author |9 414243 | |
| 245 | 1 | 0 | |a Autoayuda: soluciones comunitarias para problemas planetarios |
| 300 | |a 165 p | ||
| 942 | |c BK | ||
| 945 | |d 19980703 00:00:00 |a crobeson | ||
| 260 | |a Buenos Aires |b Tres Tiempos |c 1982 | ||
| 650 | 0 | |a Autogestión |9 414244 | |
| 650 | 0 | |a Problemas sociales |9 258537 | |
| 650 | 0 | |a Bienestar social |9 255298 | |
| 650 | 0 | |a Trabajo y empleo |9 315054 | |
| 650 | 0 | |a Vivienda |9 258662 | |
| 650 | 0 | |a Salud |9 258663 | |
| 583 | |a last modification |c 19980703 00:00:00 |k Rodrigo Vera | ||
| 490 | 0 | |a Ensayos, 21 | |
| 999 | |c 271899 |d 271897 | ||
| 952 | |0 0 |1 0 |4 0 |6 304_000000000000000_STO_1982 |7 0 |8 A |9 306688 |a BIBENE |b BIBENE |d 2019-11-20 |i 1429221 |o 304 STO 1982 |p 1429221 |r 2025-01-15 |w 2019-11-20 |y BK |k ICO | ||